Laddar...
Development of auto biographical literature in Egypt in the 20th century /
| Huvudupphovsman: | |
|---|---|
| Materialtyp: | Printed Book |
| Språk: | Undetermined |
| Publicerad: |
University of Kerala ,
2011.
|
| Ämnen: |
| LEADER | 00487nam a2200133Ia 4500 | ||
|---|---|---|---|
| 001 | 188452 | ||
| 008 | 170722s9999 xx 000 0 und d | ||
| 100 | |a Sainudeen, M. | ||
| 245 | |a Development of auto biographical literature in Egypt in the 20th century / | ||
| 260 | |b University of Kerala , |c 2011. | ||
| 653 | |a Egyptian Literature | ||
| 942 | |c REF | ||
| 999 | |c 170160 |d 170160 | ||
| 952 | |0 0 |1 0 |4 0 |6 O_677WN1_Q1RT |7 0 |8 RT |9 235399 |a LIB |b LIB |d 2017-08-12 |h TH |o O677w,N,1 Q1(RT) |p G37896 |r 2017-08-12 |w 2017-08-12 |y REF | ||